000 01590nam a2200373 c 4500
003 BLK
005 20180420231349.0
008 180409b bul|||||r ||||||| ||bul||
010 _aKNG00124708000
040 _aBLK
041 _aBUL
_cBUL
080 _aСпециална библиография
_b016
_x:801
_z016:801
080 _aОбщо езикознание и филология
_b81
_x(01)
_z81(01)
080 _aБългарски език
_b811.163.2
_x"18":05
_z811.163.2"18":05
100 1 _aКонстантинова, Виолета
_eпърви автор
_9316002
139 _aКонстантинова, Виолета
_bК 82
245 1 0 _aЕзиковите въпроси в българския печат през ХIХ век
_cВиолета Константинова.
257 _aBGR
260 София
_bБАН
_c1979
_fПерник : В. Андреев
300 _a231 с.
_c20 см
380 _a0
500 _aИзд. на БАН. Инст. за бълг. ез. - Библиогр. с. 225-228 ; Именен показалец
650 4 _aБългарски език
_9246425
650 4 _aПериодичен печат - България - история
_9244176
651 4 _aБългария
_9241624
653 _aбългарски език
653 _aпериодичен печат
653 _aистория
852 _aЦб 101399
856 4 _qpdf
_u
856 4 _qpdf
_u
942 _cKNG
_n0
944 _aCR
_c05.08.2011
_l05.08.2011 - от С1,Р / 05.08.2011
_kГеновева_Генчева
944 _aED
_c05.08.2011
_l05.08.2011 - от С1,Р / 05.08.2011
_k
999 _c119094
_d119094